| 000 | 00742pam a2200265 a 4500 | ||
|---|---|---|---|
| 999 |
_c818 _d818 |
||
| 001 | 933881 | ||
| 003 | OSt | ||
| 005 | 20210621080606.0 | ||
| 008 | 830707s1984 nyua b 001 0 eng | ||
| 010 | _a 83014805 | ||
| 020 | _a0471870323 : | ||
| 040 |
_aDLC _cDLC _dDLC |
||
| 050 | 0 | 0 |
_aQD251.2 _b.S66 1984 |
| 082 | 0 | 0 |
_a547 _219 |
| 100 | 1 | _aSolomons, T. W. Graham. | |
| 245 | 1 | 0 |
_aOrganic chemistry / _cT.W. Graham Solomons. |
| 250 | _a3rd ed. | ||
| 260 |
_aNew York : _bWiley, _cc1984. |
||
| 300 |
_axxii, 1103, [48] p. : _bill. ; _c27 cm. |
||
| 500 | _aIncludes index. | ||
| 504 | _aBibliography: p. [2-6] (2nd sequence) | ||
| 650 | 0 | _aChemistry, Organic. | |
| 906 |
_a7 _bcbc _corignew _d1 _eocip _f19 _gy-gencatlg |
||
| 942 |
_2lcc _cBK _nDO |
||